| 000 | 00928nam a2200289 c 4500 | ||
|---|---|---|---|
| 003 | BLK | ||
| 005 | 20180420214320.0 | ||
| 008 | 180412b bul|||||r ||||||| ||bul|| | ||
| 010 | _aKNG00009708000 | ||
| 040 | _aBLK | ||
| 041 |
_aBUL _cBUL |
||
| 080 |
_aАнглийска литература _b821.111 _x-31 _z821.111-31 |
||
| 100 | 1 |
_aМолине, Карън _eпърви автор _998684 |
|
| 139 |
_aМолине, Карън _bМ 82 |
||
| 245 | 1 | 0 |
_aОбяд _bРоман _cКарън Молине. |
| 257 | _aGBR | ||
| 260 |
_аСофия _bВесела Люцканова _c1995 _fХасково : Полиграфюг |
||
| 300 |
_a320 с. _c20 см |
||
| 380 | _aX | ||
| 490 | 1 | _aСветовна проза | |
| 500 | _aОриг. загл. Lunch / Karen Moline ; 5 000 тир. | ||
| 852 | _aЦб 184023 | ||
| 856 | 4 |
_qpdf _u |
|
| 856 | 4 |
_qpdf _u |
|
| 942 |
_cKNG _n0 |
||
| 944 |
_aCR _c15.01.2003 _kAB_DOS |
||
| 944 |
_aED _c02.09.2014 _k |
||
| 999 |
_c8363 _d8363 |
||